Geology and ore deposits of the Butte district, Montana, (Record no. 25165)

MARC details
000 -LEADER
fixed length control field 00899cam a22002531 4500
001 - CONTROL NUMBER
control field gs 12000541
003 - CONTROL NUMBER IDENTIFIER
control field DLC
005 - DATE AND TIME OF LATEST TRANSACTION
control field 20260227111313.0
008 - FIXED-LENGTH DATA ELEMENTS--GENERAL INFORMATION
fixed length control field 780524s1912 dcuabf f001 0 eng
010 ## - LIBRARY OF CONGRESS CONTROL NUMBER
LC control number gs 12000541
035 ## - SYSTEM CONTROL NUMBER
System control number (OCoLC)3925099
040 ## - CATALOGING SOURCE
Original cataloging agency DLC
Transcribing agency USlW
Modifying agency DLC
042 ## - AUTHENTICATION CODE
Authentication code premarc
050 00 - LIBRARY OF CONGRESS CALL NUMBER
Classification number QE75
Item number .P9 no. 74
051 ## - LIBRARY OF CONGRESS COPY, ISSUE, OFFPRINT STATEMENT
Classification number TN24.M9
Item number W5
Copy information Copy 2.
100 1# - MAIN ENTRY--PERSONAL NAME
Personal name Weed, Walter Harvey,
Dates associated with a name 1862-1944.
245 10 - TITLE STATEMENT
Title Geology and ore deposits of the Butte district, Montana,
Statement of responsibility, etc. by Walter Harvey Weed.
260 ## - PUBLICATION, DISTRIBUTION, ETC.
Place of publication, distribution, etc. Washington,
Name of publisher, distributor, etc. Govt. Print. Off.,
Date of publication, distribution, etc. 1912.
300 ## - PHYSICAL DESCRIPTION
Extent 262 p.
Other physical details pl., fold. maps, diagrs. (part fold.)
Dimensions 30 cm.
410 20 - SERIES STATEMENT/ADDED ENTRY--CORPORATE NAME [OBSOLETE, CAN/MARC], [LOCAL, USA]
Corporate name or jurisdiction name as entry element Geological Survey (U.S.).
Title of a work Professional paper
Volume number/sequential designation 74
500 ## - GENERAL NOTE
General note Many of the maps and diagrams are in a pocket on the back cover.
650 #0 - SUBJECT ADDED ENTRY--TOPICAL TERM
Topical term or geographic name entry element Geology
Geographic subdivision Montana
-- Butte district
650 #0 - SUBJECT ADDED ENTRY--TOPICAL TERM
Topical term or geographic name entry element Mines and mineral resources
Geographic subdivision Montana
-- Butte district

No items available.

Powered by Koha